| 000 | 00486cam a2200169 i 4500 | ||
|---|---|---|---|
| 005 | 20251210102852.0 | ||
| 008 | 250721s2009 jo gr 000 0 ara d | ||
| 082 | 1 | 4 |
_a216.23 _bد ب ا |
| 100 | 1 | 2 | _aالدباس، ريا |
| 245 | 1 | 0 |
_aدروس للصائمين في رمضان / _cريا الدباس. |
| 264 | 3 | 1 |
_aعمان : _bالمؤلف، _c2009. |
| 300 | _a120صفحه. | ||
| 650 | 1 | 7 | _aالصوم. |
| 650 | 1 | 7 | _aرمضان. |
| 942 |
_2ddc _cBK |
||
| 999 |
_c114392 _d114392 |
||